МАРК-запис
| 000 -Лідер |
| fixed length control field |
04157 a2200241 4500 |
| 003 - Ідентифікатор контрольного номера |
| control field |
UA-OsUOA |
| 005 - Дата та час останнього входження (трансакції) |
| control field |
20231213100010.0 |
| 008 - Елементи даних фіксованої довжини – загальна інформація |
| fixed length control field |
231212b un ||||| |||| 00| 0 ukr d |
| 020 ## - Міжнародний стандартний книжковий номер (ISBN) |
| Міжнародний стандартний книжковий номер (ISBN) (НП) |
9786176798323 |
| 040 ## - Джерело каталогізації |
| Агенція оригінальної каталогізації |
UA-OsUOA |
| Мова каталогізації |
ukr |
| Агенція, яка здійснювала перезапис |
UA-OsUOA |
| Агенція, яка здійснювала модифікацію |
UA-OsUOA |
| 041 ## - Код мови |
| Код мови тексту/ звукової доріжки чи окремого заголовка (П) |
ukr |
| 080 ## - Індекс Універсальної десяткової класифікації |
| Індекс Універсальної десяткової класифікації (УДК) (НП) |
821.161.2 |
| 090 ## - Локальний шифр розміщення |
| Класифікаційний індекс УДК |
821.161.2 |
| Авторський знак (НП) |
П12 |
| 100 ## - Основне введення – ім’я особи |
| Ім’я особи (НП) |
Павлюк І. |
| 245 ## - Відомості про назву |
| Назва (НП) |
Я бачу, вас цікавить пітьма |
| Дані про відповідальність (НП) |
Ілларіон Павлюк ; пер. з рос. Вікторія Стах |
| Решта назви (НП) |
роман |
| 260 ## - Публікація, розповсюдження і т.п. (Вихідні дані) |
| Місце публікації, розповсюдження і т.п. (П) |
Львів |
| Ім’я/ наймення видавництва, розповсюджувача і т.п. (П) |
Вид-во Старого Лева |
| Дата публікації, розповсюдження і т.п. (П) |
2023 |
| 300 ## - Фізичний опис |
| Обсяг |
664 с. |
| 520 ## - Резюме і т.п. |
| Резюме, реферат, анотація, тощо (НП) |
Кримінальна психологія завжди привертала увагу читачів, і нова книга "Я бачу, вас цікавить пітьма" від автора Андрія Гайстера не розчаровує. Ця книга виходить за межі звичайних кримінальних трилерів, представляючи нам історію про байдужість і пітьму, яка може захопити кожного з нас. Андрій Гайстер, який сам є київським кримінальним психологом, переносить нас у селище Буськів Сад, де зникла маленька дівчинка в холодну зимову ніч.<br/><br/>Головний герой, Андрій, відправляється до цього віддаленого селища як консультант з надією розкрити зникнення дівчинки. Проте, в Буських Садах час літає повільніше, а тамтешні мешканці, здавалося б, уникли уваги до серійного маніяка, відомого як Звір. Цей місцевий жах вражає мешканців, але байдужість і страх є сильнішими, ніж бажання вирішити проблему. Так починається жахливе розслідування, де герой вірить у можливість знайти загублену дівчинку, навіть якщо це нікому, окрім нього, не потрібно.<br/><br/>"Я бачу, вас цікавить пітьма" — це не просто кримінальний роман. Ця книга глибоко досліджує тему людської байдужості, пітьми всередині нас та ціни, яку ми готові заплатити за забуття. Це історія про гріхи, які матеріалізуються і потребують спокути, дорожчої, ніж спокій.<br/><br/>Автор Андрій Гайстер вдало поєднує кримінальний сюжет і психологічні аспекти, що робить книгу захопливою і залишає читача з багатьма роздумами. Його описи селища Буськів Сад роблять його живим та душогубним, а головний герой Андрій залишає сліди на душі читача.<br/><br/>Книга "Я бачу, вас цікавить пітьма" - це обов'язкова подорож для тих, хто цікавиться кримінальною психологією та хоче поковзатися відкриттями про себе та навколишніх. Не пропустіть можливість купити цю книгу та зануритися в історію, яка не залишить вас байдужими до власних демонів і суспільної пітьми. |
| 650 ## - Додаткове предметне введення – тематичний термін |
| Джерело заголовка чи терміна |
UDC |
| Тематичний термін чи географічна назва, як елемент введення (НП) |
821 Художня література окремими мовами і мовними сім'ями |
| 942 ## - Додаткові елементи входу (Коха) |
| Тип елемента Koha |
Книги |
| Source of classification or shelving scheme |
Universal Decimal Classification |
| 955 ## - Код типу видання за змістом |
| Код типу видання за змістом (НП) |
Літературно-художні видання |